000 01274nam0a22003491 4500
001 RU\INFOCOMM_322\NLR\5000212360
005 20250613111816.0
035 _a(NLR Aleph) 009596480
090 _a9283333
_c9283333
100 _a20130305d1978 |||y0rusy50 ca
101 0 _aeng
102 _aRU
105 _ay z |||||
200 1 _aMicroscopic description of coupled bands, including a superband, in even-even nuclei
_fE. Nadjakov, V. Antonova, R. Nojarov
210 _aДубна
_cОИЯИ
_d1978
215 _a19 с.
_d21 см
225 1 _aˆ[‰Издания]
_fОбъед. ин-т ядер. исслед.
_vE4-11832
300 _aРез. на рус. яз.
320 _aБиблиогр.: с. 18-19
606 0 _aАтомное ядро четно-четное
_xЭнергетические уровни
_xМикроскопическая модель
_2nlr_sh1
686 _aВ383.143
_2rubbk
686 _aВ383.4-3
_2rubbk
700 1 _9z01790
_aNadžakov
_bE. G.
_f1929-
_gEmil Georgiev
701 1 _aAntonova
_bV.
701 1 _9z02790
_aNožarov
_bR.
790 1 _9z01700
_aNadjakov
_bE.
_4070
790 1 _9z02701
_aNojarov
_bR.
_4070
801 1 _aRU
_bInfocomm
_c20130305
801 0 _aRU
_bINFOCOMM
_gPSBO
852 _aNLR
_jП11/2061
942 _cBOOK
980 _aNB